00410nam a2200145 a 450000500170000000800410001702000150005805000240007310000300009724500430012726000360017030000340020652100090024065000150024920140310183135.0020820s19uu xx 00 eng d a997151382x aHD 31b.Sch326 2001 aSchermerhorn, John Jr. R. aManagement /cJohn R. Schermerhorn Jr. aHoboken, NJ :bJ. Wiley,c2001. a524 p. :bcol. ill. ;c26 cm. aBSBA aManagement